| 000 | 00474nam a2200169Ia 4500 | ||
|---|---|---|---|
| 999 |
_c12279 _d12279 |
||
| 003 | OSt | ||
| 005 | 20201104120204.0 | ||
| 008 | 190216s9999||||xx |||||||||||||| ||und|| | ||
| 040 | _coclc | ||
| 082 |
_a823.91 _bGRE/M |
||
| 100 |
_aGreene, Graham _94790 |
||
| 245 | 4 |
_aThe Ministry Of Fear / _cGraham Greene |
|
| 260 |
_bBantam Books, _c1978. _aLONDON: |
||
| 300 | _a215p | ||
| 650 | _aEnglish Novel | ||
| 942 |
_cBK _2ddc _h823.91 _iGRE/M _k823.91 _mGRE/M |
||